书目信息 |
| 题名: |
曾子·子思子译注
|
|
| 作者: | 曾参 , 子思 著 ;杨秀礼 译注 | |
| 分册: | ||
| 出版信息: | 北京 北京联合出版公司 2018 |
|
| 页数: | 280页 | |
| 开本: | 21cm | |
| 丛书名: | ||
| 单 册: | ||
| 中图分类: | B222.34 , B222.44 | |
| 科图分类: | ||
| 主题词: | ||
| 电子资源: | ||
| ISBN: | 978-7-5502-3915-9 | |
| 000 | 01025nam0 2200277 45 | |
| 001 | 012001011893 | |
| 005 | 20140103115056.0 | |
| 010 | @a978-7-5502-3915-9@dCNY42.00 | |
| 100 | @a20151126d2015 em y0chiy50 ea | |
| 101 | 0 | @achi |
| 102 | @aCN@b110000 | |
| 105 | @ay z 000yy | |
| 106 | @ar | |
| 200 | 1 | @a曾子·子思子译注@9zeng zi · zi si zi yi zhu@f(春秋)曾子,(战国)孔伋著@g杨秀礼译注 |
| 210 | @a北京@c北京联合出版公司@d2018 | |
| 215 | @a280页@d21cm | |
| 330 | @a本书以上海古籍出版社1990年出版的“诸子百家丛书”中汪晫辑录的《曾子全书》和《子思子全书》为底本,并参考其他现在先秦两汉古籍。注释、译文参考了陈桐生老师的《曾子·子思子》。 | |
| 600 | 0 | @a曾参@f(前505-前436)@x语录@x译文 |
| 600 | 0 | @a子思@f(前483-前402)@x哲学思想@x译文 |
| 690 | @aB222.34@v5 | |
| 690 | @aB222.44@v5 | |
| 701 | 0 | @c(战国)@a曾参@9zeng shen@f(前505-前436)@4著 |
| 701 | 0 | @c(战国)@a子思@9zi si@f(前481-前402?)@4著 |
| 702 | 0 | @a杨秀礼@9yang xiu li@4译注 |
| 801 | 0 | @aCN@b上海新华@c20191020 |
| 905 | @b1139018-21@dB222.34@e924@f4 | |
| 曾子·子思子译注/(春秋)曾子,(战国)孔伋著/杨秀礼译注.-北京:北京联合出版公司,2018 |
| 280页;21cm |
| ISBN 978-7-5502-3915-9:CNY42.00 |
| 本书以上海古籍出版社1990年出版的“诸子百家丛书”中汪晫辑录的《曾子全书》和《子思子全书》为底本,并参考其他现在先秦两汉古籍。注释、译文参考了陈桐生老师的《曾子·子思子》。 |
| ● |
| 相关链接 |
|
|
|
|
正题名:曾子·子思子译注
索取号:B222.34/924
 
预约/预借
| 序号 | 登录号 | 条形码 | 馆藏地/架位号 | 状态 | 备注 |
| 1 | 1139018 | 211390181 | 第一样本阅览室/ [索取号:B222.34/924] | 在馆 | |
| 2 | 1139019 | 211390190 | 第一借阅区/ [索取号:B222.34/924] | 在馆 | |
| 3 | 1139020 | 211390207 | 第一借阅区/ [索取号:B222.34/924] | 在馆 | |
| 4 | 1139021 | 211390216 | 第一借阅区/ [索取号:B222.34/924] | 在馆 |